Plant Breeding Biotechnology And Biostatistics (Record no. 3863)

MARC details
000 -LEADER
fixed length control field 00369nam a22001337a 4500
008 - FIXED-LENGTH DATA ELEMENTS--GENERAL INFORMATION
fixed length control field 250617b |||||||| |||| 00| 0 eng d
020 ## - INTERNATIONAL STANDARD BOOK NUMBER
ISBN 9781915508041
100 ## - MAIN ENTRY--AUTHOR
Author Preston Delbert
245 ## - TITLE STATEMENT
Title Plant Breeding Biotechnology And Biostatistics
260 ## - PUBLICATION, DISTRIBUTION, ETC. (IMPRINT)
Place of publication United Kingdon
Name of publisher Brilliance Publication
Date of publication 2023
300 ## - COLLATION
Pagination 293p
942 ## - ADDED ENTRY ELEMENTS (KOHA)
Item type Books
050 ## - LIBRARY OF CONGRESS CALL NUMBER
Classification number SB 123
Item number .P 74
Holdings
Source of classification or shelving scheme Not for loan Permanent location Current location Date acquired Accession No. Full call number Barcode. Koha item type
Library of Congress Classification   Samuel Ogbemudia Main Library, University of Abuja Samuel Ogbemudia Main Library, University of Abuja 06/17/2025 2024/6215 SB 123 .P 74 2025-2545 Books